Memur sendikalarının yasal düzeni için öneri ve dayanaklar (Record no. 216)

MARC details
000 -BAŞLIK
Sabit Uzunlukta Kontrol Alanı 00804na a2200217 4500
001 - KONTROL NUMARASI
Denetim Alanı 17835
003 - KONTROL NUMARASI IDENTIFIER
Denetim Alanı MIRAKIL
005 - SON İŞLEM TARİHİ VE ZAMANI
Denetim Alanı 20181213154739.0
008 - SABİT-BOY VERİ ELEMANLARI - GENEL BİLGİLER
Sabit Uzunlukta Kontrol Alanı 161107b tu 000 0
040 ## - KATALOGLAMA KAYNAK
Orijinal Kataloglama Ajansı Milas
Kataloglama Dili tur
Metne Dönüştürmek Ajansı TR-AnCHP
041 ## - DİL KODU
Metin / Ses Parça Veya Ayrı Başlığın Dil Kodu tur
082 ## - DEWEY ONLU SINIFLANDIRMA NUMARASI
Sınıflandırma Numarası 331.88
Ürün Numarası M35 1992
090 ## - SINIFLAMA NUMARASI
Sınıflama Numarası 331.88 M35 1992
245 ## - BAŞLIK TABLOSU
Başlık Memur sendikalarının yasal düzeni için öneri ve dayanaklar
Başlığın Kalan 657 S.K. 'da ve TCK'de değişiklik önerileri insan hakları belge ve sözleşmeleri
Sorumluluk Tablosu, Vb Eğitim-İş
246 ## - UNVAN FORM VARYING
Başlık Doğru / Kısa Başlığı 657 S.K. 'da ve TCK'de değişiklik önerileri insan hakları belge ve sözleşmeleri
260 ## - YAYIN, DAĞITIM, VB
Yayın, Dağıtım, Vb Yeri Ankara
Yayıncı, Dağıtıcı, Vs Adı Eğitim-İş
Yayın, Dağıtım, Vb Tarihi 1992
300 ## - FİZİKSEL TANIM
Kapsam 39 s.
Boyutlar 23 sm.
650 ## - KONU KATMA GİRİŞ - TOPİKAL DÖNEM
Topikal Süreli Veya Coğrafi Ad Giriş Elemanı Memur sendikaları
Genel Alt Bölümü Yasalar
Kronolojik Alt Bölümü Öneriler
710 ## - KATMA GİRİŞ - KURUMSAL ADI
Giriş Elemanı Olarak Kurumsal Ad Veya Yargı Alanı Adı Eğitim-İş Eğitim İşkolu Kamu Görevlileri Sendikası
942 ## - EKLENDİ GİRİŞ ELEMANLARI (KOHA)
Sınıflandırma Veya Raf Düzeni Kaynak
Koha Öğesi Türü Books
999 ## - SİSTEM KONTROL NUMARALARI (KOHA)
Koha Biblionumber 216
Koha Biblioitemnumber 216
Holdings
Kalıcı Konum Mevcut Konum Edinme Tarihi Edinim Kaynak Toplam Check-Out'Lar Tam Çağrı Numarası Barkod Tarih Son Görülme İtibaren Geçerli Fiyatlar Koha Öğesi Türü Kopya Sayısı
CHP Kütüphanesi CHP Kütüphanesi 11/07/2016 Bağış   331.88 M35 1992 008371 11/07/2016 11/07/2016 Books  
CHP Kütüphanesi CHP Kütüphanesi 11/07/2016 Bağış   331.88 M35 1992 008372 11/07/2016 11/07/2016 Books k.2
CHP Kütüphanesi CHP Kütüphanesi 11/07/2016 Bağış   331.88 M35 1992 008373 11/07/2016 11/07/2016 Books k.3